To nejkrásnější jméno slowfox /

Hlavní autor: Martínek, Štěpán, 1903-1957
Další autoři: Hořec, Jaromír, 1921-2009, Dudek, Jaroslav, 1913-1985, Nádvorník, Bohuslav, 1920-1994
Jazyk: Nelze použít, není lingvistický obsah
Vydáno: Praha : Státní nakladatelství krásné literatury, 1957
Vydání: 1. vyd.
Edice: Taneční orchestr
Fyzický popis: 16 hlasů
Hudebniny Hudebniny
Uloženo v:
LEADER 01109ncm a22002892a 4500
001 001087227
003 CZ BrMZK
005 20120910161810.0
007 qu
008 100217s1957 xr |||||||||||||||||zxx d
040 |a BOA001  |b cze 
072 7 |a 784  |x Vokální hudba  |2 Konspekt  |9 9 
100 1 |a Martínek, Štěpán,  |d 1903-1957  |7 jx20110311013  |4 cmp 
245 1 0 |a To nejkrásnější jméno  |h [hudebnina] :  |b slowfox /  |c Štěpán Martínek ; slova: Jaromír Hořec. Kdo víc... : beguine / Jaroslav Dudek ; slova: Bohuslav Nádvorník 
250 |a 1. vyd. 
260 |a Praha :  |b Státní nakladatelství krásné literatury,  |c 1957 
300 |a 16 hlasů 
490 1 |a Taneční orchestr ;  |v 81 
700 1 |a Hořec, Jaromír,  |d 1921-2009  |7 jk01042314  |4 lyr 
700 1 |a Dudek, Jaroslav,  |d 1913-1985  |7 xx0020936  |4 cmp 
700 1 |a Nádvorník, Bohuslav,  |d 1920-1994  |7 jk01082630  |4 lyr 
740 0 2 |a Kdo víc... 
830 0 |a Taneční orchestr 
910 |a BOA001  |b Mus3-0375.664 
990 |a MU 
991 |b 201002 
996 6 |b 2619451883  |c Mus3-0375.664  |l MZK  |r Sklad / do 1 hodiny  |n 0  |w 001111188  |u 000010  |a 1  |e BOA001  |j MZK50  |s P